| 000 | 00713nam a22002297a 4500 | ||
|---|---|---|---|
| 001 | 32374 | ||
| 003 | UA-OsUOA | ||
| 005 | 20220624215705.0 | ||
| 007 | ta | ||
| 008 | 20050201b un ||||| |||| 00| 0 ukr d | ||
| 040 |
_aUA-OsUOA _brus _cUA-OsUOA _dUA-OsUOA |
||
| 041 | _arus | ||
| 044 | _aRU | ||
| 080 | _a821.161.1 | ||
| 090 |
_a821.161.1 _bИ-32 |
||
| 245 |
_a"Изборник" _bсборник произведений литературы Древней Руси _cсост. Л. А. Дмитреев. Д. С. Лихачев |
||
| 260 |
_aМосква _bХудожественная литература _c1969 |
||
| 300 |
_a800 с. _bІлюстрації |
||
| 650 | 7 | _2UDC | |
| 942 |
_cBK _2udc |
||
| 955 | _a0 | ||
| 999 |
_c318816 _d318816 |
||